| 000 | 00673cam a2200253 4500 | ||
|---|---|---|---|
| 001 | ABS67812 | ||
| 008 | 040603n2004 000 0 eng u | ||
| 035 | _a(Sirsi) u126407 | ||
| 245 | _aRegional survey: Surrey (excluding London boroughs south) | ||
| 260 | _c2004 | ||
| 490 |
_aProperty Week _v69(21) 21 May 2004, 71-80(6) |
||
| 590 | _aABS | ||
| 590 | _aABS | ||
| 650 | _aSURREY | ||
| 650 | _aGUILDFORD | ||
| 650 | _aOFFICE DEVELOPMENT | ||
| 650 | _aOFFICE MARKET | ||
| 650 | _aINDUSTRIAL MARKET | ||
| 650 | _aLEISURE MARKET | ||
| 650 | _aLEISURE ACTIVITIES | ||
| 650 | _aRESIDENTIAL DEVELOPMENT | ||
| 690 | _aCOMMERCIAL PROPERTY-MARKET | ||
| 942 | _n0 | ||
| 999 |
_c117469 _d117469 |
||